| 000 | 00000nam##2200000za#4500 |
| 001 | 9.646816 |
| 003 | CaOODSP |
| 005 | 20211126112848 |
| 007 | ta |
| 008 | 150407|1998||||xxc||||| f|0| 0 eng|d |
| 020 | |a0-660-17397-2 |
| 040 | |aCaOODSP|beng |
| 043 | |an-cn--- |
| 086 | 1 |aFB2-11/1997E |
| 110 | 2 |aBank of Canada. |
| 245 | 10|aPrice stability, inflation targets, and monetary policy : |bproceedings of a conference held by the Bank of Canada, May, 1997 |
| 260 | |aOttawa - Ontario : |bBank of Canada |c1998. |
| 300 | |axxii, 513p. : |bgraphs, references, tables ; |c23 cm. |
| 500 | |aContents: The intertemporal nature of information conveyed by the price system.--Is the CPI a suitable measure for defining price stability?--Testing the link between inflation and growth.--Non-linearities in the output-inflation relationship.--Testing for downward rigidity in nominal wage rates.--Background paper: The monetary frameworks of four inflation-targeting countries.--Inflation targeting: the New Zealand Experience.--Inflation targeting: the U.K. Experience.--Inflation targeting: the Swedish Experience.--On the costs and benefits of price stability.--The credibility of monetary policy: international evidence based on surveys of expected inflation.--On policy rules for price stability.--Wrap-up.--The participants. |
| 563 | |aSoftcover |
| 590 | |a99-09|b1999-03-05 |
| 690 | 07|aInflation|2gcpds |
| 690 | 07|aMonetary policy|2gcpds |
| 720 | 1 |aMcDowall, Duncan |
| 775 | 08|tStabilité des prix, cibles en matière d'inflation et politique monétaire : |w(CaOODSP)9.680361 |
| 776 | 0#|t[Price stability, inflation targets, and monetary policy] : |w(CaOODSP)9.695297 |